000
00312nam a22001457a 4500
020
_a
978-0135136904
041
_a
ENG
100
_a
Esposito .A
245
_a
Fluid Power With Applications
250
_a
Six Ed
260
_a
Delhi
_b
Pearson
_c
2006
300
_a
672
650
_a
IDE
856
_u
IDE ( 44 )
999
_c
1590
_d
1590